000 01541nam0a22002891 4500
001 rc\2578842
005 20260407130915.0
035 _a(NLR Aleph) 006743384
090 _a5668197
_c5668197
100 _a20110914d1928 |||y0rusy50 ca
101 0 _arus
102 _aRU
105 _ay z |||||
200 1 _aСборник законоположений и распоряжений по рыбному хозяйству и промышленности
_fСоставили: З. Б. Хейфец, юрисконсульт Астраханск. губисполкома. Н. М. Васильев, помощник Астраханск. губпрокурора
_gС предисловиями: деректора [?] рыбной промышленности ВСНХ РСФСР М. Г. Непряхина и зам. упол. Наркомторга Н.-В. края А. В. Панкова
210 _aАстрахань
_cАстрах. бюро Рыбно-сырьевой конвенции при Губотторговли
_d1928
_gтип.-лит. Астполиграф
215 _a[7], 498, XIII с.
_d26х18 см.
700 1 _aХейфец
_bЗ.Б.
701 1 _aВасильев
_bН.М.
702 1 _aНепряхин
_bМ.Г.
_4080
702 1 _aПанков
_bА.В.
_4080
742 1 _aСССР
_tЗаконы и постановления
_3RU\NLR\AUTH\889980004
_9456309
801 0 _aRU
_bNLR
_gpsbo
801 1 _aRU
_bELAR
_2rusmarc
801 2 _aRU
_bNLR
_c20170821
_2rusmarc
852 _aNLR
_j55/373
942 _cBOOK
980 _aNB